| 000 | 01118cam a22003611 4500 | ||
|---|---|---|---|
| 001 | 12143 | ||
| 003 | OSt | ||
| 005 | 20251121110923.0 | ||
| 008 | 730222s1967 xx 000 0 eng | ||
| 010 | _a 67112247 | ||
| 015 | _aGB67-13927 | ||
| 035 | _a8486792 | ||
| 035 | _a(OCoLC)563140 | ||
| 040 |
_aDLC _cOOxM _dUk _dOCoLC _dDLC |
||
| 050 | 0 | 0 |
_aNA9031 _b.G5 1967b |
| 082 |
_222 _a711.4 GIB _b12143 |
||
| 100 | 1 | _aGibberd, Frederick. | |
| 245 | 1 | 0 | _aTown design. |
| 250 | _a5th revised and enlarged | ||
| 260 |
_aLondon, _bArchitectural P., _c1967 |
||
| 300 |
_a372p. _billus., maps, plans, _c28cm. |
||
| 336 |
_atext _btxt _2rdacontent |
||
| 337 |
_aunmediated _bn _2rdamedia |
||
| 338 |
_avolume _bnc _2rdacarrier |
||
| 504 | _aBibliographical references included in "Preface": p. 5. | ||
| 520 | _aFor architects, town planners and all those interested in the urban scene. | ||
| 650 | 0 | _aCity planning | |
| 650 | 0 | _amodernism urbanism | |
| 650 | 0 | _atown design | |
| 906 |
_a7 _bcbc _coclcrpl _du _encip _f19 _gy-gencatlg |
||
| 942 |
_2ddc _cBK _n0 |
||
| 999 |
_c9606 _d9606 |
||